000 00500nam a2200181Ia 4500
001 16781
005 20260306170336.0
008 260306t2011||||xx |||||||||||||| ||und||
041 _aESP
082 _a657
_bG24
100 _aGarcía Quispe, José Luis
_eAUT
245 0 _aEl sistema de libros y registros electrónicos:
_bvinculados a asuntos tributarios en el nuevo PCGE
260 _c2011
300 _a339 páginas :
_c24 cm.
650 _aGEN
654 _aCCO
942 _cLIB
_dJUS
_fJUS
_2ddc
_n
999 _c16781
_d16781